00462nam a2200169 a 450000100060000000300090000600800410001502000130005604000280006908200220009724500480011926000300016730000110019765000340020865000270024265000230026917320CO-ViMGA141112s2004 ck r 000 u spa d a01219731 aCO-ViMGAbspacCO-ViMGA04a343.066 G84p 200210aGuía legis para la pequeña empresa 2002 aBogotá, cLegis, c2002 a204.p.14aEMPRESAS - ASPECTOS JURIDICOS14aEMPRESAS - LEGISLACION14aSOCIEDADES - TIPOS